Advances in Environmental biopollution / (Record no. 3001)
[ view plain ]
| 000 -LEADER | |
|---|---|
| fixed length control field | 00561cam a2200217ua 4500 |
| 020 ## - INTERNATIONAL STANDARD BOOK NUMBER | |
| ISBN | 81-7648-098-3 |
| 041 ## - LANGUAGE CODE | |
| Language code of text/sound track or separate title | eng |
| 082 ## - DEWEY DECIMAL CLASSIFICATION NUMBER | |
| Classification number | 628.5 |
| Item number | SHU/AD |
| 100 ## - MAIN ENTRY--AUTHOR NAME | |
| Personal name | Shukla, A C . |
| 245 00 - TITLE STATEMENT | |
| Title | Advances in Environmental biopollution / |
| 250 ## - EDITION STATEMENT | |
| Edition statement | 1 / |
| 260 ## - PUBLICATION, DISTRIBUTION, ETC. (IMPRINT) | |
| Place of publication | New Delhi : |
| Name of publisher | A.P.H. Publishing Corporation , |
| Year of publication | 1999. |
| 300 ## - PHYSICAL DESCRIPTION | |
| Number of Pages | 536 ; . |
| 700 1# - ADDED ENTRY--PERSONAL NAME | |
| Personal name | Pandey, S N . |
| 700 1# - ADDED ENTRY--PERSONAL NAME | |
| Personal name | Trivedi, P S. |
| 700 1# - ADDED ENTRY--PERSONAL NAME | |
| Personal name | Vandana, A . |
| 942 ## - ADDED ENTRY ELEMENTS (KOHA) | |
| Koha item type | Books |
| Withdrawn status | Lost status | Damaged status | Home library | Current library | Date acquired | Full call number | Accession Number | Koha item type |
|---|---|---|---|---|---|---|---|---|
| KAUAET | KAUAET | 07/04/2012 | 628.5 | 20584 | Books |
